Time management handbook for librarians / (Record no. 101936)
[ view plain ]
| 000 -LEADER | |
|---|---|
| fixed length control field | 00546nam a2200181 a 4500 |
| 005 - DATE AND TIME OF LATEST TRANSACTION | |
| control field | 20140412111221.0 |
| 008 - FIXED-LENGTH DATA ELEMENTS--GENERAL INFORMATION | |
| fixed length control field | 010327s19uu xx 00 eng d |
| 020 ## - INTERNATIONAL STANDARD BOOK NUMBER | |
| International Standard Book Number | 0-313-27842-3 |
| 050 ## - LIBRARY OF CONGRESS CALL NUMBER | |
| Classification number | M 025.1 |
| Item number | C62 1992 |
| 100 ## - MAIN ENTRY--PERSONAL NAME | |
| Personal name | Cocharan, Wesley J. |
| 245 ## - TITLE STATEMENT | |
| Title | Time management handbook for librarians / |
| Statement of responsibility, etc | by J. Wesley Cochran. |
| 260 ## - PUBLICATION, DISTRIBUTION, ETC. (IMPRINT) | |
| Place of publication, distribution, etc | Westport City, U. S. A : |
| Name of publisher, distributor, etc | Greenwood Press, |
| Date of publication, distribution, etc | 1992. |
| 300 ## - PHYSICAL DESCRIPTION | |
| Extent | 139 p. |
| 440 ## - SERIES STATEMENT/ADDED ENTRY--TITLE | |
| Title | Greenwood Library Management Collection |
| 650 ## - SUBJECT ADDED ENTRY--TOPICAL TERM | |
| Topical term or geographic name as entry element | Time management |
| 650 ## - SUBJECT ADDED ENTRY--TOPICAL TERM | |
| Topical term or geographic name as entry element | Librarians |
| Withdrawn status | Lost status | Damaged status | Home library | Current library | Shelving location | Date acquired | Source of acquisition | Cost, normal purchase price | Total Checkouts | Full call number | Barcode | Date last seen | Price effective from | Koha item type |
|---|---|---|---|---|---|---|---|---|---|---|---|---|---|---|
| Elizalde Library | Elizalde Library | Main Section | 03/27/2001 | 375.00 | M 025.1 C62 1992 | E0118 | 04/12/2014 | 04/12/2014 | Books |